[Event "Titled Tuesday intern op 11th Feb Early"]
[Site "Chess.com INT"]
[Date "2025.02.11"]
[Round "2"]
[White "Coe, William R"]
[Black "Gokhale, Rishabh Chandrashek"]
[Result "0-1"]
[WhiteElo "2078"]
[BlackElo "2113"]
[PlyCount "50"]
[EventDate "2025.02.11"]
[EventType "swiss (blitz)"]
[EventRounds "11"]
[EventCountry "USA"]
[SourceTitle "CB09_2025"]
[SourceDate "2025.02.27"]
[SourceVersion "1"]
[SourceVersionDate "2025.02.27"]
[SourceQuality "1"]

1. e4 e5 2. Nf3 Nc6 3. Bb5 f5 4. d3 fxe4 5. dxe4 Nf6 6. Qd3 d6 7. Nc3 Be7 8. Bg5 0-0 9. 0-0-0 Be6 10. Bc4 Qc8 11. Bxe6+ Qxe6 12. Kb1 Qf7 13. h3 a6 14. Rhf1 Nb4 15. Qd2 Nxe4 16. Qe3 Nxc3+ 17. Qxc3 Qxa2+ 18. Kc1 Nd5 19. Qd3 Nf4 20. Bxf4 Rxf4 21. Qd5+ Qxd5 22. Rxd5 c6 23. Rd3 e4 24. Rd4 exf3 25. Rxf4 fxg2 0-1

[Event "Titled Tuesday intern op 11th Feb Early"]
[Site "Chess.com INT"]
[Date "2025.02.11"]
[Round "1"]
[White "Gokhale, Rishabh Chandrashek"]
[Black "Kovalev, Vladislav"]
[Result "0-1"]
[WhiteElo "2113"]
[BlackElo "2557"]
[PlyCount "68"]
[EventDate "2025.02.11"]
[EventType "swiss (blitz)"]
[EventRounds "11"]
[EventCountry "USA"]
[SourceTitle "CB09_2025"]
[SourceDate "2025.02.27"]
[SourceVersion "1"]
[SourceVersionDate "2025.02.27"]
[SourceQuality "1"]

1. e4 e5 2. Nf3 Nc6 3. Bc4 Nf6 4. d3 h6 5. 0-0 d6 6. a4 g5 7. c3 Bg7 8. Re1 a6 9. d4 Bg4 10. h3 Bh5 11. g4 Bg6 12. Bd5 exd4 13. Bxc6+ bxc6 14. Nxd4 0-0 15. Nf5 Re8 16. Nd2 d5 17. e5 Nd7 18. Nxg7 Kxg7 19. f4 gxf4 20. Nf3 Nf8 21. Bxf4 Ne6 22. Qd2 Rh8 23. Bg3 Ng5 24. Nxg5 hxg5 25. e6 Rxh3 26. Kg2 Rxg3+ 27. Kxg3 Qd6+ 28. Kg2 Rh8 29. Qd4+ f6 30. Rh1 Be4+ 31. Kf2 Rxh1 32. Rxh1 Qf4+ 33. Ke2 Bf3+ 34. Kd3 Qxd4+ 0-1

[Event "Titled Tuesday intern op 11th Feb Early"]
[Site "Chess.com INT"]
[Date "2025.02.11"]
[Round "3"]
[White "Gokhale, Rishabh Chandrashek"]
[Black "Souleidis, Georgios"]
[Result "1/2-1/2"]
[WhiteElo "2113"]
[BlackElo "2418"]
[PlyCount "181"]
[EventDate "2025.02.11"]
[EventType "swiss (blitz)"]
[EventRounds "11"]
[EventCountry "USA"]
[SourceTitle "CB09_2025"]
[SourceDate "2025.02.27"]
[SourceVersion "1"]
[SourceVersionDate "2025.02.27"]
[SourceQuality "1"]

1. e4 c5 2. Nf3 e6 3. d4 cxd4 4. Nxd4 Nf6 5. Nc3 Nc6 6. Be3 Be7 7. Qf3 0-0 8. 0-0-0 Qc7 9. Nxc6 bxc6 10. g4 d5 11. Bd3 Rb8 12. g5 Nd7 13. exd5 cxd5 14. Bd4 Ne5 15. Bxe5 Qxe5 16. h4 Bd6 17. Rhe1 Qf4+ 18. Qxf4 Bxf4+ 19. Kb1 g6 20. Ne2 Be5 21. b3 a5 22. c4 dxc4 23. Bxc4 Bb7 24. Nd4 Bg7 25. Nb5 Rfd8 26. Nd6 Bf3 27. Rd3 Bc6 28. Red1 Kf8 29. f3 Ke7 30. Ne4 Rxd3 31. Rxd3 a4 32. Kc2 axb3+ 33. axb3 Be5 34. Nc5 Ra8 35. b4 Rb8 36. Kb3 Bd6 37. Na6 Rb6 38. Rc3 Bd7 39. Be2 Be5 40. Rd3 Bd6 41. Rc3 Be5 42. Re3 Bf4 43. Re4 Bg3 44. Kc4 Bb5+ 45. Kc5 Rxa6 46. Bxb5 Ra1 47. Bc4 Rh1 48. b5 Rxh4 49. Re2 Rh5 50. Kc6 Rxg5 51. Rg2 h6 52. b6 Bf4 53. Rd2 Rg1 54. Rd7+ Kf6 55. Ra7 Rc1 56. Ra4 g5 57. b7 h5 58. Kd7 Rb1 59. Ba6 h4 60. Kc6 h3 61. Bb5 h2 62. Rxf4+ gxf4 63. b8Q Rc1+ 64. Kd7 h1Q 65. Qxf4+ Kg6 66. Bd3+ f5 67. Qg4+ Kf6 68. Qd4+ Kg5 69. Qg7+ Kf4 70. Qd4+ Kg3 71. Qe5+ Kg2 72. Qxe6 Qe1 73. Qxe1 Rxe1 74. Bxf5 Kxf3 75. Be6 Kf4 76. Ke7 Ke5 77. Bd7 Ra1 78. Kf8 Ra7 79. Bb5 Kf6 80. Kg8 Rb7 81. Bc4 Rc7 82. Bd3 Rd7 83. Bc4 Ra7 84. Kh8 Re7 85. Bg8 Kg6 86. Bd5 Kh6 87. Bg8 Rc7 88. Bd5 Rh7+ 89. Kg8 Kg6 90. Be4+ Kg5 91. Bxh7 1/2-1/2

[Event "Titled Tuesday intern op 23rd Jul Early"]
[Site "Chess.com INT"]
[Date "2024.07.23"]
[Round "4"]
[White "Daroczi, Donat"]
[Black "Gokhale, Rishabh Chandrashek"]
[Result "0-1"]
[WhiteElo "2162"]
[BlackElo "2156"]
[PlyCount "62"]
[EventDate "2024.07.23"]
[EventType "swiss (blitz)"]
[EventRounds "11"]
[EventCountry "USA"]
[SourceTitle "EXT 2025"]
[Source "ChessBase"]
[SourceDate "2024.10.14"]
[SourceVersion "1"]
[SourceVersionDate "2024.10.14"]
[SourceQuality "1"]

1. d4 d5 2. Nc3 Nf6 3. Bf4 a6 4. e3 g6 5. Nf3 Bg7 6. Be2 0-0 7. 0-0 b5 8. a4 b4 9. Na2 a5 10. c3 Na6 11. Rc1 bxc3 12. bxc3 Nh5 13. Bg3 Nxg3 14. hxg3 Rb8 15. c4 Nb4 16. Nxb4 axb4 17. cxd5 Qxd5 18. Bb5 Qd6 19. Qc2 b3 20. Qxc7 Bf5 21. Qxd6 exd6 22. Nd2 b2 23. Rc7 Rfc8 24. Rxc8+ Rxc8 25. e4 Rc2 26. exf5 Rxd2 27. Rb1 Bxd4 28. fxg6 Bxf2+ 29. Kh2 hxg6 30. a5 Rd5 31. Rxb2 Rh5# 0-1

[Event "Titled Tuesday intern op 16th Jul Late"]
[Site "Chess.com INT"]
[Date "2024.07.16"]
[Round "3"]
[White "Gokhale, Rishabh Chandrashek"]
[Black "Castellanos Rodriguez, Renier"]
[Result "0-1"]
[WhiteElo "2156"]
[BlackElo "2476"]
[PlyCount "56"]
[EventDate "2024.07.16"]
[EventType "swiss (blitz)"]
[EventRounds "11"]
[EventCountry "USA"]
[SourceTitle "EXT 2025"]
[Source "ChessBase"]
[SourceDate "2024.10.14"]
[SourceVersion "1"]
[SourceVersionDate "2024.10.14"]
[SourceQuality "1"]

1. d4 Nf6 2. Nf3 d6 3. c4 Nbd7 4. Nc3 e5 5. g3 c6 6. Bg2 g6 7. 0-0 Bg7 8. Re1 0-0 9. e4 a5 10. b3 exd4 11. Nxd4 Re8 12. Bb2 Nc5 13. f3 Qb6 14. Kh1 a4 15. Rb1 axb3 16. axb3 Nfd7 17. Bc1 Qb4 18. Bd2 Nd3 19. Nc2 Nf2+ 20. Kg1 Nxd1 21. Nxb4 Nxc3 22. Rbc1 Na2 23. Ra1 Bd4+ 24. Kf1 Bxa1 25. Rxa1 Nxb4 26. Rxa8 Nd3 27. Bh3 Nb6 28. Rb8 Bxh3+ 0-1

[Event "Titled Tuesday intern op 16th Jul Late"]
[Site "Chess.com INT"]
[Date "2024.07.16"]
[Round "4"]
[White "Lenoir Ibacache, Gabriel Alberto"]
[Black "Gokhale, Rishabh Chandrashek"]
[Result "0-1"]
[WhiteElo "2228"]
[BlackElo "2156"]
[PlyCount "88"]
[EventDate "2024.07.16"]
[EventType "swiss (blitz)"]
[EventRounds "11"]
[EventCountry "USA"]
[SourceTitle "EXT 2025"]
[Source "ChessBase"]
[SourceDate "2024.10.14"]
[SourceVersion "1"]
[SourceVersionDate "2024.10.14"]
[SourceQuality "1"]

1. e4 c5 2. Nf3 d6 3. d4 cxd4 4. Nxd4 Nf6 5. Nc3 Nc6 6. Nd5 e5 7. Nb5 Nxd5 8. exd5 Ne7 9. a4 g6 10. Be2 Bg7 11. 0-0 0-0 12. Kh1 h6 13. Na3 f5 14. f4 e4 15. c3 b6 16. Be3 Bb7 17. Bc4 Rc8 18. Bb3 Kh7 19. Qd2 Bf6 20. Nb5 a6 21. Nd4 Nxd5 22. Ne6 Nxe3 23. Nxd8 Nxf1 24. Rxf1 Rfxd8 25. Bd5 e3 26. Qd3 Bxd5 27. Qxd5 Re8 28. Re1 Rc7 29. Kg1 Rce7 30. Kf1 e2+ 31. Kf2 Kg7 32. Qxd6 Re6 33. Qd3 Be7 34. b4 Bf6 35. Kf3 h5 36. g3 h4 37. Kf2 h3 38. Kf3 Rd8 39. Qxa6 Rd1 40. Rxe2 Rf1+ 41. Rf2 Rfe1 42. Qb7+ Kh6 43. Rd2 Bxc3 44. Rd3 Rf1# 0-1

[Event "Titled Tuesday intern op 25th Jun Early"]
[Site "Chess.com INT"]
[Date "2024.06.25"]
[Round "2"]
[White "Levi, Eddy"]
[Black "Gokhale, Rishabh Chandrashek"]
[Result "1-0"]
[WhiteElo "2147"]
[BlackElo "2079"]
[PlyCount "111"]
[EventDate "2024.06.25"]
[EventType "swiss (blitz)"]
[EventRounds "11"]
[EventCountry "USA"]
[SourceTitle "EXT 2025"]
[Source "ChessBase"]
[SourceDate "2024.10.14"]
[SourceVersion "1"]
[SourceVersionDate "2024.10.14"]
[SourceQuality "1"]

1. e4 a5 2. Nc3 d6 3. f4 g6 4. Nf3 Bg7 5. Bc4 e6 6. f5 Ne7 7. fxe6 fxe6 8. 0-0 0-0 9. d3 d5 10. Bb3 Bxc3 11. bxc3 a4 12. Bh6 Rf7 13. Qe1 axb3 14. cxb3 Nbc6 15. Qh4 dxe4 16. dxe4 Ra5 17. Ng5 Rxf1+ 18. Rxf1 Rxg5 19. Qxg5 Nf5 20. Qxd8+ Nxd8 21. exf5 gxf5 22. Bf4 c6 23. Rd1 Nf7 24. Bc7 Kg7 25. a4 e5 26. Kf2 Be6 27. b4 Kf6 28. a5 f4 29. h4 Kf5 30. g3 Nh6 31. gxf4 exf4 32. Rd4 Ng4+ 33. Kf3 Bd5+ 34. Rxd5+ cxd5 35. Bxf4 Nf6 36. b5 Nd7 37. a6 bxa6 38. bxa6 Nb6 39. a7 h5 40. Be3 Na8 41. Bc5 Nc7 42. Be7 Ke5 43. Ke3 Na8 44. Bc5 Nc7 45. Be7 Na8 46. Bg5 Nb6 47. Bf4+ Kf5 48. Bh2 Kg4 49. Kd4 Kxh4 50. Kc5 Na8 51. Kc6 Kh3 52. Bd6 d4 53. cxd4 Kg2 54. Kb7 h4 55. Kxa8 h3 56. Kb7 1-0

[Event "Titled Tuesday intern op 18th Jun Early"]
[Site "Chess.com INT"]
[Date "2024.06.18"]
[Round "1"]
[White "Murthy, Pappu LN"]
[Black "Gokhale, Rishabh Chandrashek"]
[Result "0-1"]
[WhiteElo "1838"]
[BlackElo "2079"]
[PlyCount "90"]
[EventDate "2024.06.18"]
[EventType "swiss (blitz)"]
[EventRounds "11"]
[EventCountry "USA"]
[SourceTitle "EXT 2025"]
[Source "ChessBase"]
[SourceDate "2024.10.14"]
[SourceVersion "1"]
[SourceVersionDate "2024.10.14"]
[SourceQuality "1"]

1. e4 e6 2. d4 d5 3. Nc3 Nf6 4. e5 Nfd7 5. f4 c5 6. Nf3 Nc6 7. Be3 a6 8. Qd2 b5 9. dxc5 Nxc5 10. 0-0-0 b4 11. Ne2 Qc7 12. Kb1 Be7 13. h4 h5 14. Ned4 Nxd4 15. Nxd4 Bd7 16. g3 Rb8 17. Bg2 Na4 18. Nb3 Bb5 19. Bf1 Bxf1 20. Rhxf1 0-0 21. f5 exf5 22. Rxf5 g6 23. Rff1 a5 24. Bh6 Qxe5 25. Qd4 Qxd4 26. Rxd4 Rfd8 27. Rdf4 f5 28. Nd4 Bf6 29. Nc6 Nxb2 30. Nxb8 Rxb8 31. Bg5 Bc3 32. R4f3 Nc4 33. Bf4 Re8 34. R3f2 Re4 35. Rd1 d4 36. Bc7 a4 37. Bd8 Kf7 38. Bg5 Ke6 39. Bc1 Kd5 40. Rdf1 Ne3 41. Rh1 Kc4 42. Bxe3 dxe3 43. Re2 Bd2 44. Rd1 Kc3 45. Rg2 e2 0-1

[Event "Las Vegas National op"]
[Site "Las Vegas"]
[Date "2024.06.09"]
[Round "7"]
[White "Gokhale, Rishabh Chandrashek"]
[Black "Nagy, Gabor"]
[Result "0-1"]
[WhiteElo "2079"]
[BlackElo "2448"]
[PlyCount "60"]
[EventDate "2024.06.03"]
[EventType "swiss"]
[EventRounds "9"]
[EventCountry "USA"]
[SourceTitle "CBM 220 Extra"]
[Source "ChessBase"]
[SourceDate "2024.07.31"]
[SourceVersion "1"]
[SourceVersionDate "2024.07.31"]
[SourceQuality "1"]

1. e4 c5 2. Nf3 e6 3. Nc3 Nc6 4. g3 Nf6 5. Bg2 d6 6. 0-0 Be7 7. d4 cxd4 8. Nxd4 Bd7 9. h3 a6 10. a4 Rc8 11. Nxc6 Bxc6 12. a5 0-0 13. Be3 Qc7 14. Re1 Nd7 15. Bd4 Rfd8 16. Qe2 Bf6 17. Bxf6 Nxf6 18. Red1 h6 19. Rd4 b5 20. Qe3 Bb7 21. Kh2 Nd7 22. Rd2 Ne5 23. Bf1 Qc5 24. Re1 b4 25. Nd1 Qxa5 26. b3 Qc5 27. f4 Nd7 28. Nf2 a5 29. Nd3 Qxe3 30. Rxe3 Rc3 0-1

[Event "Titled Tuesday intern op 28th May Early"]
[Site "Chess.com INT"]
[Date "2024.05.28"]
[Round "3"]
[White "Caku, Kler"]
[Black "Gokhale, Rishabh Chandrashek"]
[Result "0-1"]
[WhiteElo "1787"]
[BlackElo "2079"]
[PlyCount "110"]
[EventDate "2024.05.28"]
[EventType "swiss (blitz)"]
[EventRounds "11"]
[EventCountry "USA"]
[SourceTitle "EXT 2025"]
[Source "ChessBase"]
[SourceDate "2024.10.14"]
[SourceVersion "1"]
[SourceVersionDate "2024.10.14"]
[SourceQuality "1"]

1. e4 c5 2. Nf3 d6 3. d4 cxd4 4. Nxd4 Nf6 5. Nc3 Nc6 6. Be2 e5 7. Nb3 Be7 8. Be3 0-0 9. 0-0 Be6 10. f4 exf4 11. Bxf4 Ne5 12. Nd4 Qb6 13. Rb1 Rac8 14. Kh1 Qc5 15. Na4 Qc7 16. Nc3 a6 17. Bg3 b5 18. a3 Nc4 19. Bxc4 Qxc4 20. Nxe6 Qxe6 21. Qf3 Rc4 22. Rbe1 h6 23. e5 dxe5 24. Rxe5 Qd7 25. Rd1 Qa7 26. Bf2 Qc7 27. Bg3 Bd6 28. Re3 Bxg3 29. Qxg3 Qxg3 30. Rxg3 Rfc8 31. Rgd3 Kh7 32. h3 Kg6 33. Rd6 R8c6 34. Rxc6 Rxc6 35. Kg1 Kf5 36. Kf2 g5 37. Kf3 h5 38. g4+ hxg4+ 39. hxg4+ Nxg4 40. Rd5+ Ne5+ 41. Ke3 f6 42. Kd4 g4 43. Ke3 Ke6 44. Rd2 Nc4+ 45. Kd3 Nxd2 46. Kxd2 g3 47. Ne2 g2 48. Nf4+ Kf5 49. Nxg2 Ke4 50. Ne3 f5 51. Nd1 f4 52. Nf2+ Kf3 53. Nd3 Kg3 54. Ne5 Rd6+ 55. Ke2 Re6 0-1

[Event "Titled Tuesday intern op 28th May Early"]
[Site "Chess.com INT"]
[Date "2024.05.28"]
[Round "1"]
[White "Gokhale, Rishabh Chandrashek"]
[Black "Kamsky, Gata"]
[Result "1/2-1/2"]
[WhiteElo "2079"]
[BlackElo "2614"]
[PlyCount "108"]
[EventDate "2024.05.28"]
[EventType "swiss (blitz)"]
[EventRounds "11"]
[EventCountry "USA"]
[SourceTitle "EXT 2025"]
[Source "ChessBase"]
[SourceDate "2024.10.14"]
[SourceVersion "1"]
[SourceVersionDate "2024.10.14"]
[SourceQuality "1"]

1. Nf3 Nf6 2. g3 g6 3. Bg2 Bg7 4. 0-0 0-0 5. d3 d5 6. Nbd2 c6 7. e4 Bg4 8. h3 Bxf3 9. Qxf3 dxe4 10. dxe4 Nbd7 11. Qe2 e5 12. c3 Qe7 13. a4 a5 14. Nc4 Nc5 15. Kh2 Rfd8 16. Bg5 h6 17. Bxf6 Bxf6 18. Rfd1 Rxd1 19. Qxd1 h5 20. h4 Qc7 21. Qf3 Kg7 22. Bh3 Rd8 23. Qe3 Be7 24. Qe2 Nb3 25. Rd1 Rxd1 26. Qxd1 Nc5 27. Qc2 b6 28. b4 axb4 29. cxb4 Na6 30. b5 cxb5 31. axb5 Nc5 32. Ne3 Qd6 33. Nd5 Bd8 34. f3 Bf6 35. Qa2 Bd8 36. Qa8 Nd3 37. Qc6 Qa3 38. Qc3 Qxc3 39. Nxc3 Be7 40. Nd5 Bc5 41. Bd7 Ne1 42. f4 Nf3+ 43. Kg2 Nd2 44. fxe5 Nxe4 45. e6 fxe6 46. Bxe6 Nf6 47. Nxf6 Kxf6 48. Bd7 Bd6 49. Bc6 Bc7 50. Kf3 Bd6 51. g4 hxg4+ 52. Kxg4 Bc5 53. h5 gxh5+ 54. Kxh5 Kf5 1/2-1/2

[Event "Titled Tuesday intern op 21st May Late"]
[Site "Chess.com INT"]
[Date "2024.05.21"]
[Round "1"]
[White "Hong, Andrew Z"]
[Black "Gokhale, Rishabh Chandrashek"]
[Result "1-0"]
[WhiteElo "2550"]
[BlackElo "2079"]
[PlyCount "75"]
[EventDate "2024.05.21"]
[EventType "swiss (blitz)"]
[EventRounds "11"]
[EventCountry "USA"]
[SourceTitle "CBM 220 Extra"]
[Source "ChessBase"]
[SourceDate "2024.07.31"]
[SourceVersion "1"]
[SourceVersionDate "2024.07.31"]
[SourceQuality "1"]

1. d4 Nf6 2. Nc3 d5 3. Bf4 a6 4. e3 g6 5. Nf3 Bg7 6. Ne5 Nbd7 7. Be2 0-0 8. 0-0 c5 9. a4 b6 10. a5 Bb7 11. Na4 b5 12. Nxc5 Nxc5 13. dxc5 Ne4 14. Nd3 Rc8 15. b4 Bxa1 16. Qxa1 f6 17. f3 Nd2 18. Re1 e5 19. Nxe5 fxe5 20. Bxe5 Qg5 21. f4 Qe7 22. Bd3 Nc4 23. Bd4 Bc6 24. Qd1 Rce8 25. Qg4 Bd7 26. Qf3 Qf7 27. g4 Nd2 28. Qg2 Ne4 29. Rf1 Qe6 30. h3 Re7 31. f5 Qf7 32. Rf4 g5 33. Rxe4 dxe4 34. Bxe4 Rxe4 35. Qxe4 Re8 36. Qb7 Bc8 37. Qc6 Qc4 38. Qxe8# 1-0

[Event "Titled Tuesday intern op 14th May Late"]
[Site "Chess.com INT"]
[Date "2024.05.14"]
[Round "9"]
[White "Eugene, Floryan"]
[Black "Gokhale, Rishabh Chandrashek"]
[Result "1-0"]
[WhiteElo "2420"]
[BlackElo "2076"]
[PlyCount "37"]
[EventDate "2024.05.14"]
[EventType "swiss (blitz)"]
[EventRounds "11"]
[EventCountry "USA"]
[SourceTitle "CBM 220 Extra"]
[Source "ChessBase"]
[SourceDate "2024.07.31"]
[SourceVersion "1"]
[SourceVersionDate "2024.07.31"]
[SourceQuality "1"]

1. d4 Nf6 2. Nc3 d5 3. Bf4 a6 4. e3 g6 5. h4 h6 6. Nf3 Bg7 7. Ne5 0-0 8. Qf3 c5 9. 0-0-0 cxd4 10. exd4 Nc6 11. Qe3 Qa5 12. Be2 Kh7 13. h5 Nxe5 14. dxe5 Ne4 15. Rxd5 Qb4 16. Qxe4 Qxe4 17. Nxe4 Be6 18. hxg6+ fxg6 19. Ng5+ 1-0

[Event "Titled Tuesday intern op 14th May Late"]
[Site "Chess.com INT"]
[Date "2024.05.14"]
[Round "4"]
[White "Gokhale, Rishabh Chandrashek"]
[Black "Ferrufino, Boris"]
[Result "1-0"]
[WhiteElo "2076"]
[BlackElo "1905"]
[PlyCount "57"]
[EventDate "2024.05.14"]
[EventType "swiss (blitz)"]
[EventRounds "11"]
[EventCountry "USA"]
[SourceTitle "CBM 220 Extra"]
[Source "ChessBase"]
[SourceDate "2024.07.31"]
[SourceVersion "1"]
[SourceVersionDate "2024.07.31"]
[SourceQuality "1"]

1. d4 Nf6 2. Nf3 e6 3. Bf4 c5 4. e3 d5 5. Nbd2 Bd6 6. Bg3 Nc6 7. c3 Bxg3 8. hxg3 Qd6 9. Bd3 e5 10. dxe5 Nxe5 11. Nxe5 Qxe5 12. Nf3 Qe7 13. Qa4+ Kf8 14. Qf4 Be6 15. Ng5 h6 16. 0-0-0 c4 17. Bc2 b5 18. e4 dxe4 19. Nxe4 Nd5 20. Qe5 b4 21. Rxd5 bxc3 22. Rdd1 cxb2+ 23. Qxb2 c3 24. Qxc3 Rc8 25. Qd3 Kg8 26. Qd6 Qb7 27. Qd8+ Rxd8 28. Rxd8+ Kh7 29. Nf6# 1-0

[Event "Titled Tuesday intern op 14th May Late"]
[Site "Chess.com INT"]
[Date "2024.05.14"]
[Round "5"]
[White "Gokhale, Rishabh Chandrashek"]
[Black "Moskvin, Anatoly"]
[Result "1-0"]
[WhiteElo "2076"]
[BlackElo "2192"]
[PlyCount "61"]
[EventDate "2024.05.14"]
[EventType "swiss (blitz)"]
[EventRounds "11"]
[EventCountry "USA"]
[SourceTitle "CBM 220 Extra"]
[Source "ChessBase"]
[SourceDate "2024.07.31"]
[SourceVersion "1"]
[SourceVersionDate "2024.07.31"]
[SourceQuality "1"]

1. d4 Nf6 2. Nf3 c5 3. c3 Qc7 4. g3 d5 5. Bg2 Bf5 6. 0-0 e6 7. Bf4 Qb6 8. Qb3 c4 9. Qxb6 axb6 10. a3 h6 11. Nbd2 Nbd7 12. h3 Be7 13. g4 Bg6 14. Ne5 Bh7 15. Rfe1 b5 16. e4 Nb6 17. exd5 Nfxd5 18. Bg3 0-0 19. Ne4 Na4 20. Re2 f6 21. Nd7 Rfd8 22. Ndc5 Bxc5 23. Nxc5 Nxc5 24. dxc5 Kf7 25. Bd6 Bd3 26. Ree1 Rd7 27. f4 Rc8 28. f5 Rxd6 29. cxd6 Nf4 30. fxe6+ Nxe6 31. Bd5 1-0

[Event "Titled Tuesday intern op 14th May Early"]
[Site "Chess.com INT"]
[Date "2024.05.14"]
[Round "1"]
[White "Gokhale, Rishabh Chandrashek"]
[Black "Rustemov, Alexander"]
[Result "0-1"]
[WhiteElo "2076"]
[BlackElo "2525"]
[PlyCount "78"]
[EventDate "2024.05.14"]
[EventType "swiss (blitz)"]
[EventRounds "11"]
[EventCountry "USA"]
[SourceTitle "EXT 2025"]
[Source "ChessBase"]
[SourceDate "2024.10.14"]
[SourceVersion "1"]
[SourceVersionDate "2024.10.14"]
[SourceQuality "1"]

1. Nf3 d5 2. c4 c6 3. g3 Nf6 4. Bg2 dxc4 5. 0-0 Be6 6. Ng5 Bd5 7. e4 h6 8. exd5 hxg5 9. dxc6 Nxc6 10. Qe2 Qd3 11. Qd1 e6 12. Nc3 Bc5 13. Qe2 Rd8 14. Re1 Nd4 15. Qe5 Bb6 16. Qxg5 Qh7 17. h4 Nc2 18. Qb5+ Kf8 19. b3 Nxe1 20. Ba3+ Kg8 21. Rxe1 Rxd2 22. Bc5 Qf5 23. Ne4 Bxc5 24. Qxc5 Qxc5 25. Nxc5 b6 26. Ne4 Nxe4 27. Bxe4 cxb3 28. axb3 Rh5 29. Rc1 Rc5 30. Ra1 f5 31. Bg2 a5 32. Re1 Kf7 33. h5 Rcc2 34. Bf1 Rxf2 35. Bc4 Rg2+ 36. Kh1 Rh2+ 37. Kg1 Rcg2+ 38. Kf1 Rh1+ 39. Kxg2 Rxe1 0-1

[Event "Titled Tuesday intern op 14th May Late"]
[Site "Chess.com INT"]
[Date "2024.05.14"]
[Round "3"]
[White "Ostrovskiy, Aleksandr A"]
[Black "Gokhale, Rishabh Chandrashek"]
[Result "1-0"]
[WhiteElo "2406"]
[BlackElo "2076"]
[PlyCount "117"]
[EventDate "2024.05.14"]
[EventType "swiss (blitz)"]
[EventRounds "11"]
[EventCountry "USA"]
[SourceTitle "CBM 220 Extra"]
[Source "ChessBase"]
[SourceDate "2024.07.31"]
[SourceVersion "1"]
[SourceVersionDate "2024.07.31"]
[SourceQuality "1"]

1. e4 e5 2. Nf3 Nc6 3. Bc4 Bc5 4. c3 Nf6 5. d4 exd4 6. cxd4 Bb4+ 7. Nbd2 d5 8. exd5 Nxd5 9. 0-0 0-0 10. a3 Bxd2 11. Bxd2 Nce7 12. Ne5 c6 13. Qf3 Be6 14. Rfe1 Nf5 15. Bc3 Qg5 16. Rad1 Rad8 17. Bd3 Nh4 18. Qg3 Qf6 19. Bd2 Nf5 20. Bxf5 Bxf5 21. Bg5 Qd6 22. Bxd8 Qxd8 23. Nc4 Bg6 24. Ne3 Nf6 25. h3 h6 26. Nc4 Qd5 27. b3 Rd8 28. Qe5 Bc2 29. Rc1 Bxb3 30. Qxd5 Rxd5 31. Re7 Rxd4 32. Na5 Bd5 33. Rxb7 Ra4 34. Rxa7 Rxa3 35. Nxc6 Rxa7 36. Nxa7 Kh7 37. Nc6 Be6 38. Nd4 Bd7 39. Rc7 Kg6 40. Nf3 Be6 41. Ne5+ Kf5 42. Nxf7 Nd5 43. Ra7 Kf6 44. Nd6 g6 45. Ne8+ Kg5 46. Nc7 Nxc7 47. Rxc7 h5 48. Rc5+ Bf5 49. g3 Kf6 50. h4 Be4 51. Kf1 Bf3 52. Ke1 Ke6 53. Kd2 Kd6 54. Rg5 Be4 55. Ke3 Bf5 56. Rxf5 gxf5 57. Kf4 Ke6 58. Kg5 f4 59. Kxf4 1-0

[Event "Titled Tuesday intern op 07th May Late"]
[Site "Chess.com INT"]
[Date "2024.05.07"]
[Round "1"]
[White "Gokhale, Rishabh Chandrashek"]
[Black "Martinez Alcantara, Jose Eduardo"]
[Result "0-1"]
[WhiteElo "2076"]
[BlackElo "2612"]
[PlyCount "79"]
[EventDate "2024.05.07"]
[EventType "swiss (blitz)"]
[EventRounds "11"]
[EventCountry "USA"]
[SourceTitle "EXT 2025"]
[Source "ChessBase"]
[SourceDate "2024.10.14"]
[SourceVersion "1"]
[SourceVersionDate "2024.10.14"]
[SourceQuality "1"]

1. Nf3 c5 2. g3 Nc6 3. Bg2 g6 4. 0-0 Bg7 5. c4 d6 6. Nc3 e6 7. Rb1 Nge7 8. a3 0-0 9. b4 Rb8 10. bxc5 dxc5 11. Bb2 b6 12. d3 h6 13. Qd2 Bb7 14. Ne4 e5 15. Nc3 Nd4 16. Nxd4 exd4 17. Nd1 Bxg2 18. Kxg2 Qd7 19. e3 Nc6 20. e4 f5 21. f3 Rbe8 22. Nf2 g5 23. Rbe1 f4 24. g4 Ne5 25. h4 h5 26. gxh5 g4 27. Nxg4 Nxg4 28. fxg4 Qxg4+ 29. Kh1 f3 30. Qh2 Kh7 31. Bc1 Be5 32. Rg1 f2 33. Rxg4 fxe1Q+ 34. Rg1 Bxh2 35. Rxe1 Bf4 36. Bxf4 Rxf4 37. e5 Rxh4+ 38. Kg2 Rxh5 39. Kf3 Rf5+ 40. Ke4 0-1

[Event "Titled Tuesday intern op 30th Apr Late"]
[Site "Chess.com INT"]
[Date "2024.04.30"]
[Round "4"]
[White "Gokhale, Rishabh Chandrashek"]
[Black "Aliyev, Ravan"]
[Result "0-1"]
[WhiteElo "2079"]
[BlackElo "2352"]
[PlyCount "86"]
[EventDate "2024.04.30"]
[EventType "swiss (blitz)"]
[EventRounds "11"]
[EventCountry "USA"]
[SourceTitle "EXT 2025"]
[Source "ChessBase"]
[SourceDate "2024.10.14"]
[SourceVersion "1"]
[SourceVersionDate "2024.10.14"]
[SourceQuality "1"]

1. Nf3 Nf6 2. g3 b5 3. Bg2 Bb7 4. 0-0 e6 5. d3 c5 6. Re1 Be7 7. e4 0-0 8. Nbd2 Nc6 9. Nf1 d6 10. h4 e5 11. Ne3 Re8 12. Nh2 Bf8 13. h5 h6 14. Nf5 Nd4 15. g4 Nh7 16. f4 Ne6 17. fxe5 dxe5 18. Nf3 Nd4 19. c3 Nxf3+ 20. Qxf3 Ng5 21. Qg3 f6 22. Bxg5 fxg5 23. Rad1 b4 24. Ne3 Bd6 25. Rf1 Qd7 26. Rf5 Rf8 27. Rdf1 Rxf5 28. gxf5 Be7 29. Nc4 bxc3 30. bxc3 Bf6 31. Nxe5 Qd6 32. Qf2 Bxe5 33. Rd1 Bxc3 34. Kh1 Bd4 35. Qe2 Qg3 36. Qf3 Qxf3 37. Bxf3 Kf8 38. Rb1 Bc6 39. Kg2 Ke7 40. e5 Bxf3+ 41. Kxf3 Bxe5 42. Rb7+ Kd6 43. Ke4 Bf6 0-1

[Event "Titled Tuesday intern op 30th Apr Late"]
[Site "Chess.com INT"]
[Date "2024.04.30"]
[Round "1"]
[White "Gokhale, Rishabh Chandrashek"]
[Black "Hartikainen, Jarmo"]
[Result "1-0"]
[WhiteElo "2079"]
[BlackElo "2092"]
[PlyCount "57"]
[EventDate "2024.04.30"]
[EventType "swiss (blitz)"]
[EventRounds "11"]
[EventCountry "USA"]
[SourceTitle "EXT 2025"]
[Source "ChessBase"]
[SourceDate "2024.10.14"]
[SourceVersion "1"]
[SourceVersionDate "2024.10.14"]
[SourceQuality "1"]

1. Nf3 Nf6 2. g3 g6 3. Bg2 Bg7 4. 0-0 0-0 5. d3 d5 6. Nc3 c5 7. e4 dxe4 8. dxe4 Nc6 9. Bf4 Qxd1 10. Rfxd1 Bg4 11. e5 Nh5 12. h3 Bxf3 13. Bxf3 Nxe5 14. Bxe5 Bxe5 15. Rd7 Rab8 16. Rxe7 Bxc3 17. bxc3 Rfe8 18. Rae1 Nf6 19. Rxe8+ Rxe8 20. Rxe8+ Nxe8 21. Bxb7 Kf8 22. Kg2 Ke7 23. Kf3 Nd6 24. Ba6 Ke6 25. Ke3 Kd5 26. Bf1 c4 27. Kf4 f6 28. a4 Nb7 29. Bg2+ 1-0